Statystyki dla Dzielnice Dąbrowy Górniczej

Kliknij tutaj aby rozwiązać quiz!

Ogólne statystyki

  • Ten quiz został rozwiązany 95 razy
  • Średni wynik to 12 z 26

Statystyki odpowiedzi

Odpowiedź% Poprawnych
Gołonóg
86%
Mydlice
76%
Reden
76%
Łosień
59%
Sikorka
55%
Strzemieszyce Wielkie
55%
Strzemieszyce Małe
54%
Tworzeń
51%
Tucznawa
49%
Antoniów
48%
Błędów
46%
Okradzionów
46%
Pogoria
45%
Ujejsce
45%
Łęknice
42%
Łęka
41%
Trzebiesławice
41%
Korzeniec
38%
Piekło
38%
Ratanice
32%
Marianki
27%
Bugaj
25%
Bugaj
25%
Dziewiąty
24%
Kuźniczka Nowa
20%
Łazy
15%

Rozkład punktacji

Percentyl według liczby udzielonych odpowiedzi

Procent ludzi z każdym wynikiem

Twoja historia wyników

Nie rozwiązałeś tego quizu